000 02509pam a2200313 i 4500
001 5999
003 FISKH
005 20250219110849.0
008 750408s1975 nyu b 000 0 eng
010 _a 75011852
020 _a0525474048
020 _a9780552577564
_c$13.50
040 _aDLC
_cDLC
_dDLC
_beng813.6 LCC PZ7.Y66 S
050 _aPZ7.Y66 S
082 _a813.6
100 1 _aRudhyar, Dane,
_d1895-1985.
245 1 4 _aThe sun is also a star /
_cNicola Yoon
250 _aThis edition published 2019
260 _aLondon :
_bCorgi Books,
_c2016
300 _a348 pages :
_ccolor illustrations ;
_b20 cm
504 _aIncludes bibliographical references.
520 _aThe #1 New York Times bestseller and National Book Award Finalist from the bestselling author of Everything, Everything will have you falling in love with Natasha and Daniel as they fall in love with each other. Natasha: I�m a girl who believes in science and facts. Not fate. Not destiny. Or dreams that will never come true. I’m definitely not the kind of girl who meets a cute boy on a crowded New York City street and falls in love with him. Not when my family is twelve hours away from being deported to Jamaica. Falling in love with him won’t be my story. Daniel: I’ve always been the good son, the good student, living up to my parents’ high expectations. Never the poet. Or the dreamer. But when I see her, I forget about all that. Something about Natasha makes me think that fate has something much more extraordinary in store—for both of us. The Universe: Every moment in our lives has brought us to this single moment. A million futures lie before us. Which one will come true? *** "Beautifully crafted."—People Magazine "A book that is very much about the many factors that affect falling in love, as much as it is about the very act itself . . . fans of Yoon’s first novel, Everything Everything, will find much to love—if not, more—in what is easily an even stronger follow up." —Entertainment Weekly "Transcends the limits of YA as a human story about falling in love and seeking out our futures." —POPSUGAR.com
650 0 _aAstrology.
_vContemporary fiction
856 4 2 _3Contributor biographical information
_uhttp://www.loc.gov/catdir/enhancements/fy0719/75011852-b.html
856 4 2 _3Publisher description
_uhttp://www.loc.gov/catdir/enhancements/fy0719/75011852-d.html
906 _a7
_bcbc
_corignew
_d1
_eocip
_f19
_gy-gencatlg
942 _2ddc
_cBK
_n0
999 _c5999
_d5999